000 00950nam a2200301Ia 4500
003 OSt
005 20220912151445.0
006 a|||||r|||| 00| 0
007 ta
008 220909b |||||||| |||| 00| 0 eng d
020 _a0521067944 (hbd)
024 _a14056
037 _cTextual
040 _aCSL
_beng
_cCSL
041 _aeng
082 _aB36, D2;G7;1
100 _aWhittaker E T
245 0 _aCourse of modern analysis: an introduction to the general theory of infinite processes and of analytic functions; with an account of the principal transcendental functions
250 _a4
260 _aCambridge
_bCambridge University Press
_c1927
300 _a608p.
_ccm.
500 _aAppendix 579-590p.
_ccm.; Index 595-608p.
_ccm.
650 _a Modern analysis
650 _aMathematics
700 _a Watson G N
942 _hB36, D2;G7;1
_cTEXL
_2CC
999 _c69055
_d69055